Kĩ năng xây dựng và tổ chức các hoạt động trải nghiệm sáng tạo trong trường tiểu học : (Dùng cho giáo viên và cán bộ quản lí)

Nội dung sách gồm: cơ sở lý uận và thực tiễn của hoạt động trải nghiệm sáng tạo; đánh giá hoạt động trải nghiệm sáng tạo của học sinh tiểu học.

সংরক্ষণ করুন:
গ্রন্থ-পঞ্জীর বিবরন
সংস্থা লেখক: Cục Nhà giáo và Cán bộ quản lý cơ sở Giáo Dục, Bộ Giáo dục và Đào tạo
বিন্যাস: গ্রন্থ
ভাষা:Undetermined
প্রকাশিত: Hà Nội NXb. Đại học Sư phạm 2017
বিষয়গুলি:
ট্যাগগুলো: ট্যাগ যুক্ত করুন
কোনো ট্যাগ নেই, প্রথমজন হিসাবে ট্যাগ করুন!
Thư viện lưu trữ: Trung tâm Học liệu Trường Đại học Cần Thơ
LEADER 01199nam a2200229Ia 4500
001 CTU_224194
008 210402s9999 xx 000 0 und d
020 |c 45000 
082 |a 372.1 
082 |b C506 
110 |a Cục Nhà giáo và Cán bộ quản lý cơ sở Giáo Dục, Bộ Giáo dục và Đào tạo 
245 0 |a Kĩ năng xây dựng và tổ chức các hoạt động trải nghiệm sáng tạo trong trường tiểu học : 
245 0 |b (Dùng cho giáo viên và cán bộ quản lí) 
245 0 |c Cục Nhà giáo và Cán bộ quản lý cơ sở Giáo Dục, Bộ Giáo dục và Đào tạo 
260 |a Hà Nội 
260 |b NXb. Đại học Sư phạm 
260 |c 2017 
520 |a Nội dung sách gồm: cơ sở lý uận và thực tiễn của hoạt động trải nghiệm sáng tạo; đánh giá hoạt động trải nghiệm sáng tạo của học sinh tiểu học. 
650 |a Dạy học sinh Tiểu học,Elementary school teaching 
904 |i Tuyến 
910 |b tttuyen 
980 |a Trung tâm Học liệu Trường Đại học Cần Thơ